000 00835nam a2200241Ia 4500
003 OSt
005 20220923213224.0
006 a|||||r|||| 00| 0
007 ta
008 220922b |||||||| |||| 00| 0 hin d
024 _a159,946
037 _cTextual
040 _aARTS
_cARTS
_bhin
041 _2hin
_ahin
082 _aO152,3:g, K3
100 _aमहेन्द्र, संपा.
245 0 _aहिन्दी उपन्यास
_b सिद्वान्त और विवेचन
246 _aHindī upanyāsa: sidvānta aur vivechana: sāhitya sandesh mean prakāshit katipaya lekho kā sangraha
260 _c1963
650 _aहिन्दी साहित्य
_9156264
942 _hO152,3:g, K3
_cTEXL
_2CC
999 _c314693
_d314693